00294pam a2200109a 44500008004100000020003000041082001600071100001700087245003700104260003200141300001100173230405s2017 xxu||||| |||| 00| 0 eng d a9789350908594cRs. 1150/- a610.73bCOR aCorreia,Cecy aMedical Surgical Nursing - Vol-2 aNew DelhibJaypee Pubc2017 a442 p.